000 00342 a2200157 4500
001 sjds
003 sjds
005 20250120125703.0
008 250120b |||||||| |||| 00| 0 spa d
020 _a9781931398145
040 _csjds
041 _aspa
100 _aRosa Mendoza, Gladys
245 _aCarros camiones y aviones
942 _cBK
999 _c12806
_d12806